| 000 | 01180nam a22003377a 4500 | ||
|---|---|---|---|
| 003 | CHAP | ||
| 005 | 20220329133546.0 | ||
| 008 | 971013s1993 r 00010 d | ||
| 010 | _a7862 | ||
| 011 | _a8834 | ||
| 035 | _a8066 | ||
| 040 | _cCHAP | ||
| 090 | _aTesis | ||
| 100 | 0 | 0 |
_aSantiago León, Carlos A. _9102356 |
| 245 | _aEfecto de la mezcla del sustrato y fertilización sobre el crecimiento de Pinus durangensis Mtz. en vivero | ||
| 260 |
_aChapingo, Méx. : _bEl autor, _c1993 |
||
| 300 |
_a84 h. _b: ilus. ; gráfs. |
||
| 502 | _aTesis (Ing. For. con Orientación en Silvicultura) -- UACH. División de Ciencias Forestales | ||
| 590 |
_aALEPH _b10 _c20130110 _lUCH01 _h1220 |
||
| 590 |
_aBATCH-UPD _b10 _c20130110 _lUCH01 _h0144 |
||
| 590 |
_aBATCH-UPD _b10 _c20130110 _lUCH01 _h2002 |
||
| 590 |
_aBATCH-UPD _b10 _c20130410 _lUCH01 _h1322 |
||
| 590 |
_aBATCH-UPD _b10 _c20130914 _lUCH01 _h1913 |
||
| 590 |
_aCONVERSION _b10 _c20130109 _lUCH01 _h1305 |
||
| 650 | 1 | 4 |
_aPináceas _xCrecimiento. _988225 |
| 650 | 1 | 4 |
_aPináceas _xFertilización. _988235 |
| 650 | 1 | 4 |
_aPinus durangensis. _988332 |
| 901 | _aBK | ||
| 942 | _cTESIS | ||
| 949 |
_bBC _cTES _d-18179 _eTS1 _h26101 _i8066 _si |
||
| 999 |
_c7862 _d7862 |
||